The real cost of Sportelli for landlords and leaseholders (Record no. 79360)
[ view plain ]
| 000 -LEADER | |
|---|---|
| fixed length control field | 01146cab a22002055a 4500 |
| 001 - CONTROL NUMBER | |
| control field | L140822 |
| 008 - FIXED-LENGTH DATA ELEMENTS--GENERAL INFORMATION | |
| fixed length control field | 071012s2007 xxk f 000 0 eng d |
| 035 ## - SYSTEM CONTROL NUMBER | |
| System control number | (Sirsi) u140822 |
| 041 0# - LANGUAGE CODE | |
| Language code of text/sound track or separate title | eng |
| 100 1# - MAIN ENTRY--PERSONAL NAME | |
| Personal name | Reid, Jamie |
| 245 04 - TITLE STATEMENT | |
| Title | The real cost of Sportelli for landlords and leaseholders |
| 260 ## - PUBLICATION, DISTRIBUTION, ETC. | |
| Date of publication, distribution, etc. | 2007 |
| 490 ## - SERIES STATEMENT | |
| Series statement | News on the Block |
| Volume/sequential designation | (35) 14-15(2) |
| 520 ## - SUMMARY, ETC. | |
| Summary, etc. | Considers the likely effect of the impending Court of Appeal decision on the Sportelli case (L135153). The case centres on the deferment rate which a tenant pays for an asset which will return to the freeholder at a future time. To compensate for this the price is commonly set at the amount that the value of the property would be when the lease expires. The Lands Tribunal ruled that a deferment rate of 5% should apply to flats irrespective of their location. Explains that this, in tandem with the Arbib case (L131346) represents a decision in favour of leaseholders. |
| 590 ## - LOCAL NOTE (RLIN) | |
| Local note | KA |
| 650 24 - SUBJECT ADDED ENTRY--TOPICAL TERM | |
| Topical term or geographic name entry element | EARL CADOGAN AND ANOTHER V SPORTELLI AND ANOTHER |
| 651 #4 - SUBJECT ADDED ENTRY--GEOGRAPHIC NAME | |
| Geographic name | United Kingdom |
| Chronological subdivision | |
| 690 ## - LOCAL SUBJECT ADDED ENTRY--TOPICAL TERM (OCLC, RLIN) | |
| Topical term or geographic name as entry element | PROPERTY-LEASEHOLD PROPERTY-LANDLORD AND TENANT-LEASES |
| 942 ## - ADDED ENTRY ELEMENTS (KOHA) | |
| Suppress in OPAC | 0 |
| Withdrawn status | Lost status | Source of classification or shelving scheme | Damaged status | Not for loan | Home library | Current library | Shelving location | Date acquired | Total Checkouts | Full call number | Barcode | Date last seen | Copy number | Price effective from | Koha item type |
|---|---|---|---|---|---|---|---|---|---|---|---|---|---|---|---|
| Dewey Decimal Classification | London | London | Journal article | 12/10/2007 | L140822 | 140822-1001 | 06/08/2019 | 1 | 06/08/2019 | Journal article |